00420 2200169 4500245005600000020002200056250001100078100002300089700002300112650001400135005001900149260002400168041001400192084001000206300002500216336000900241 aVegetarian Hidup EkologiscDwi Ratna HerniatihText a978-602-8193-42-9 aCet. 1 aDwi Ratna Herniati aTim Editor Ricardo aIlmu Diet a20230209090805 aJakartabCV Ricardo aIndonesia a613.2 avi, 38 hlm. :cilus. atext